<?xml version="1.0" encoding="UTF-8"?>
<record
    xmlns:xsi="http://www.w3.org/2001/XMLSchema-instance"
    xsi:schemaLocation="http://www.loc.gov/MARC21/slim http://www.loc.gov/standards/marcxml/schema/MARC21slim.xsd"
    xmlns="http://www.loc.gov/MARC21/slim">

  <leader>01479nam a22002777a 4500</leader>
  <controlfield tag="001">8088</controlfield>
  <controlfield tag="003">FISKH</controlfield>
  <controlfield tag="005">20260422142639.0</controlfield>
  <controlfield tag="008">250822b        cb ||||| |||| 00| 0 eng d</controlfield>
  <datafield tag="040" ind1=" " ind2=" ">
    <subfield code="a">FISKH</subfield>
    <subfield code="b">khr</subfield>
    <subfield code="c">FISKH</subfield>
    <subfield code="d">FISKH</subfield>
  </datafield>
  <datafield tag="050" ind1=" " ind2=" ">
    <subfield code="a">PZ7</subfield>
  </datafield>
  <datafield tag="082" ind1=" " ind2=" ">
    <subfield code="a">J823</subfield>
  </datafield>
  <datafield tag="100" ind1=" " ind2=" ">
    <subfield code="a">Ministry of Education , Youth and Sports </subfield>
  </datafield>
  <datafield tag="245" ind1=" " ind2=" ">
    <subfield code="a">&#x179F;&#x17C6;&#x178E;&#x17B6;&#x1784;&#x179B;&#x17D2;&#x17A2; &#x1793;&#x17B7;&#x1784;&#x179F;&#x17C6;&#x178E;&#x17B6;&#x1784;&#x17A2;&#x17B6;&#x1780;&#x17D2;&#x179A;&#x1780;&#x17CB;&#x200B; / </subfield>
    <subfield code="c">&#x1780;&#x17D2;&#x179A;&#x179F;&#x17BD;&#x1784;&#x17A2;&#x1794;&#x17CB;&#x179A;&#x17C6;&#x1799;&#x17BB;&#x179C;&#x1787;&#x1793; &#x1793;&#x17B7;&#x1784;&#x1780;&#x17B8;&#x17A1;&#x17B6;&#x200B;</subfield>
  </datafield>
  <datafield tag="260" ind1=" " ind2=" ">
    <subfield code="a">&#x1797;&#x17D2;&#x1793;&#x17C6;&#x1796;&#x17C1;&#x1789; : </subfield>
  </datafield>
  <datafield tag="300" ind1=" " ind2=" ">
    <subfield code="a">16 pages : </subfield>
    <subfield code="b">color illustrations ;</subfield>
    <subfield code="c">25 cm .</subfield>
  </datafield>
  <datafield tag="505" ind1=" " ind2=" ">
    <subfield code="a">J 
</subfield>
  </datafield>
  <datafield tag="520" ind1=" " ind2=" ">
    <subfield code="a">&#x1795;&#x179B; &#x179F;&#x17BB;&#x1781; &#x1796;&#x17C1;&#x1789; &#x1793;&#x17B7;&#x1784;&#x179A;&#x17B8; &#x1782;&#x17BA;&#x1787;&#x17B6;&#x1798;&#x17B7;&#x178F;&#x17D2;&#x178F;&#x1793;&#x17BA;&#x1784;&#x1782;&#x17D2;&#x1793;&#x17B6; &#x17D4;&#x200B; &#x1790;&#x17D2;&#x1784;&#x17C3;&#x1798;&#x17BD;&#x1799;&#x179A;&#x17B8;&#x200B;&#x1794;&#x17B6;&#x1793;&#x178A;&#x17BE;&#x179A;&#x178A;&#x17BD;&#x179B;&#x1782;&#x17C1;&#x1782;&#x17B7;&#x178F;&#x1790;&#x17B6;&#x179C;&#x17B6;&#x1787;&#x17B6;&#x179F;&#x17C6;&#x178E;&#x17B6;&#x1784;&#x17A2;&#x17B6;&#x1780;&#x17D2;&#x179A;&#x1780;&#x17CB; &#x17D4;&#x200B; &#x178F;&#x17C2;&#x1780;&#x17D2;&#x179A;&#x17C4;&#x1799;&#x1798;&#x1780;&#x1782;&#x17C1;&#x1794;&#x17B6;&#x1793;&#x1787;&#x17BD;&#x1794;&#x1793;&#x17BA;&#x1784;&#x179F;&#x17C6;&#x178E;&#x17B6;&#x1784;&#x179B;&#x17D2;&#x17A2; &#x178A;&#x17C4;&#x1799;&#x179F;&#x17B6;&#x179A;&#x1782;&#x17C1;&#x179A;&#x17BE;&#x179F;&#x1794;&#x17B6;&#x1793;&#x1785;&#x17B7;&#x1789;&#x17D2;&#x1785;&#x17C0;&#x1793;&#x1798;&#x17B6;&#x179F; &#x17D4;&#x200B; translate into English</subfield>
  </datafield>
  <datafield tag="520" ind1=" " ind2=" ">
    <subfield code="a">Phal, Sok, Pinh, and Ri were friends.One day, Ri tripped and fell, and everyone thought it was a bad omen.But later, they encountered good luck because they found a gold ring.</subfield>
  </datafield>
  <datafield tag="521" ind1="8" ind2=" ">
    <subfield code="a">500 
</subfield>
    <subfield code="b">Lexile estiamate 
</subfield>
  </datafield>
  <datafield tag="521" ind1="8" ind2=" ">
    <subfield code="a">J 
</subfield>
    <subfield code="b">Raz-Plus 
</subfield>
  </datafield>
  <datafield tag="650" ind1=" " ind2=" ">
    <subfield code="a">&#x179F;&#x17C6;&#x178E;&#x17B6;&#x1784;&#x179B;&#x17D2;&#x17A2; &#x1793;&#x17B7;&#x1784;&#x179F;&#x17C6;&#x178E;&#x17B6;&#x1784;&#x17A2;&#x17B6;&#x1780;&#x17D2;&#x179A;&#x1780;&#x17CB;</subfield>
  </datafield>
  <datafield tag="650" ind1=" " ind2=" ">
    <subfield code="a">Good and bad luck</subfield>
  </datafield>
  <datafield tag="942" ind1=" " ind2=" ">
    <subfield code="2">ddc</subfield>
    <subfield code="c">KHB</subfield>
    <subfield code="n">0</subfield>
  </datafield>
  <datafield tag="999" ind1=" " ind2=" ">
    <subfield code="c">8088</subfield>
    <subfield code="d">8088</subfield>
  </datafield>
  <datafield tag="952" ind1=" " ind2=" ">
    <subfield code="0">0</subfield>
    <subfield code="1">0</subfield>
    <subfield code="2">ddc</subfield>
    <subfield code="4">0</subfield>
    <subfield code="7">0</subfield>
    <subfield code="8">KH</subfield>
    <subfield code="a">002</subfield>
    <subfield code="b">002</subfield>
    <subfield code="c">TTP Khmer</subfield>
    <subfield code="d">2025-08-22</subfield>
    <subfield code="l">0</subfield>
    <subfield code="o">MIN PZ7 J823</subfield>
    <subfield code="p">2025-4208</subfield>
    <subfield code="r">2025-08-22 11:17:00</subfield>
    <subfield code="t">1</subfield>
    <subfield code="w">2025-08-22</subfield>
    <subfield code="y">KHB</subfield>
  </datafield>
  <datafield tag="952" ind1=" " ind2=" ">
    <subfield code="0">0</subfield>
    <subfield code="1">0</subfield>
    <subfield code="2">ddc</subfield>
    <subfield code="4">0</subfield>
    <subfield code="7">0</subfield>
    <subfield code="8">KH</subfield>
    <subfield code="a">002</subfield>
    <subfield code="b">002</subfield>
    <subfield code="c">TTP Khmer</subfield>
    <subfield code="d">2025-10-10</subfield>
    <subfield code="l">0</subfield>
    <subfield code="o">MIN PZ7 J823</subfield>
    <subfield code="p">FISBK03591</subfield>
    <subfield code="r">2025-10-10 10:39:00</subfield>
    <subfield code="t">2</subfield>
    <subfield code="w">2025-10-10</subfield>
    <subfield code="y">KHB</subfield>
  </datafield>
  <datafield tag="952" ind1=" " ind2=" ">
    <subfield code="0">0</subfield>
    <subfield code="1">0</subfield>
    <subfield code="2">ddc</subfield>
    <subfield code="4">0</subfield>
    <subfield code="7">0</subfield>
    <subfield code="8">KH</subfield>
    <subfield code="a">002</subfield>
    <subfield code="b">002</subfield>
    <subfield code="c">TTP Khmer</subfield>
    <subfield code="d">2025-10-28</subfield>
    <subfield code="l">0</subfield>
    <subfield code="o">MIN PZ7 J823</subfield>
    <subfield code="p">FISBK03571</subfield>
    <subfield code="r">2025-10-28 15:04:00</subfield>
    <subfield code="t">3</subfield>
    <subfield code="w">2025-10-28</subfield>
    <subfield code="y">KHB</subfield>
  </datafield>
  <datafield tag="952" ind1=" " ind2=" ">
    <subfield code="0">0</subfield>
    <subfield code="1">0</subfield>
    <subfield code="2">ddc</subfield>
    <subfield code="4">0</subfield>
    <subfield code="7">0</subfield>
    <subfield code="8">KH</subfield>
    <subfield code="a">002</subfield>
    <subfield code="b">002</subfield>
    <subfield code="c">TTP Khmer</subfield>
    <subfield code="d">2025-11-11</subfield>
    <subfield code="l">0</subfield>
    <subfield code="o">MIN PZ7 J823</subfield>
    <subfield code="p">FISBK03577</subfield>
    <subfield code="r">2025-11-11 12:39:00</subfield>
    <subfield code="t">4</subfield>
    <subfield code="w">2025-11-11</subfield>
    <subfield code="y">KHB</subfield>
  </datafield>
  <datafield tag="952" ind1=" " ind2=" ">
    <subfield code="0">0</subfield>
    <subfield code="1">0</subfield>
    <subfield code="2">ddc</subfield>
    <subfield code="4">0</subfield>
    <subfield code="7">0</subfield>
    <subfield code="8">KH</subfield>
    <subfield code="a">002</subfield>
    <subfield code="b">002</subfield>
    <subfield code="c">TTP Khmer</subfield>
    <subfield code="d">2025-11-21</subfield>
    <subfield code="l">0</subfield>
    <subfield code="o">MIN PZ7 J823</subfield>
    <subfield code="p">2025-4862</subfield>
    <subfield code="r">2025-11-21 09:50:00</subfield>
    <subfield code="t">5</subfield>
    <subfield code="w">2025-11-21</subfield>
    <subfield code="y">KHB</subfield>
  </datafield>
  <datafield tag="952" ind1=" " ind2=" ">
    <subfield code="0">0</subfield>
    <subfield code="1">0</subfield>
    <subfield code="2">ddc</subfield>
    <subfield code="4">0</subfield>
    <subfield code="7">0</subfield>
    <subfield code="8">KH</subfield>
    <subfield code="a">002</subfield>
    <subfield code="b">002</subfield>
    <subfield code="c">TTP Khmer</subfield>
    <subfield code="d">2025-11-27</subfield>
    <subfield code="l">0</subfield>
    <subfield code="o">MIN PZ7 J823</subfield>
    <subfield code="p">2025-4966</subfield>
    <subfield code="r">2025-11-27 13:53:00</subfield>
    <subfield code="t">6</subfield>
    <subfield code="w">2025-11-27</subfield>
    <subfield code="y">KHB</subfield>
  </datafield>
  <datafield tag="952" ind1=" " ind2=" ">
    <subfield code="0">0</subfield>
    <subfield code="1">0</subfield>
    <subfield code="2">ddc</subfield>
    <subfield code="4">0</subfield>
    <subfield code="7">0</subfield>
    <subfield code="8">KH</subfield>
    <subfield code="a">002</subfield>
    <subfield code="b">002</subfield>
    <subfield code="c">TTP Khmer</subfield>
    <subfield code="d">2025-11-27</subfield>
    <subfield code="l">0</subfield>
    <subfield code="o">MIN PZ7 J823</subfield>
    <subfield code="p">2025-4967</subfield>
    <subfield code="r">2025-11-27 13:54:00</subfield>
    <subfield code="t">7</subfield>
    <subfield code="w">2025-11-27</subfield>
    <subfield code="y">KHB</subfield>
  </datafield>
  <datafield tag="952" ind1=" " ind2=" ">
    <subfield code="0">0</subfield>
    <subfield code="1">0</subfield>
    <subfield code="2">ddc</subfield>
    <subfield code="4">0</subfield>
    <subfield code="7">0</subfield>
    <subfield code="8">KH</subfield>
    <subfield code="a">002</subfield>
    <subfield code="b">002</subfield>
    <subfield code="c">TTP Khmer</subfield>
    <subfield code="d">2025-12-05</subfield>
    <subfield code="l">0</subfield>
    <subfield code="o">MIN PZ7 J823</subfield>
    <subfield code="p">2025-5048</subfield>
    <subfield code="r">2025-12-05 14:47:50</subfield>
    <subfield code="t">8</subfield>
    <subfield code="w">2025-12-05</subfield>
    <subfield code="y">KHB</subfield>
  </datafield>
  <datafield tag="952" ind1=" " ind2=" ">
    <subfield code="0">0</subfield>
    <subfield code="1">0</subfield>
    <subfield code="2">ddc</subfield>
    <subfield code="4">0</subfield>
    <subfield code="7">0</subfield>
    <subfield code="8">KH</subfield>
    <subfield code="a">002</subfield>
    <subfield code="b">002</subfield>
    <subfield code="c">TTP Khmer</subfield>
    <subfield code="d">2025-12-05</subfield>
    <subfield code="l">0</subfield>
    <subfield code="o">MIN PZ7 J823</subfield>
    <subfield code="p">2025-5065</subfield>
    <subfield code="r">2025-12-05 15:46:05</subfield>
    <subfield code="t">9</subfield>
    <subfield code="w">2025-12-05</subfield>
    <subfield code="y">KHB</subfield>
  </datafield>
  <datafield tag="952" ind1=" " ind2=" ">
    <subfield code="0">0</subfield>
    <subfield code="1">0</subfield>
    <subfield code="2">ddc</subfield>
    <subfield code="4">0</subfield>
    <subfield code="7">0</subfield>
    <subfield code="8">KH</subfield>
    <subfield code="a">002</subfield>
    <subfield code="b">002</subfield>
    <subfield code="c">TTP Khmer</subfield>
    <subfield code="d">2025-12-08</subfield>
    <subfield code="l">0</subfield>
    <subfield code="o">MIN PZ7 J823</subfield>
    <subfield code="p">2025-5080</subfield>
    <subfield code="r">2025-12-08 15:26:52</subfield>
    <subfield code="t">10</subfield>
    <subfield code="w">2025-12-08</subfield>
    <subfield code="y">KHB</subfield>
  </datafield>
  <datafield tag="952" ind1=" " ind2=" ">
    <subfield code="0">0</subfield>
    <subfield code="1">0</subfield>
    <subfield code="2">ddc</subfield>
    <subfield code="4">0</subfield>
    <subfield code="7">0</subfield>
    <subfield code="8">KH</subfield>
    <subfield code="a">002</subfield>
    <subfield code="b">002</subfield>
    <subfield code="c">TTP Khmer</subfield>
    <subfield code="d">2025-12-08</subfield>
    <subfield code="l">0</subfield>
    <subfield code="o">MIN PZ7 J823</subfield>
    <subfield code="p">2025-5081</subfield>
    <subfield code="r">2025-12-08 15:27:17</subfield>
    <subfield code="t">11</subfield>
    <subfield code="w">2025-12-08</subfield>
    <subfield code="y">KHB</subfield>
  </datafield>
  <datafield tag="952" ind1=" " ind2=" ">
    <subfield code="0">0</subfield>
    <subfield code="1">0</subfield>
    <subfield code="2">ddc</subfield>
    <subfield code="4">0</subfield>
    <subfield code="7">0</subfield>
    <subfield code="8">KH</subfield>
    <subfield code="a">002</subfield>
    <subfield code="b">002</subfield>
    <subfield code="c">TTP Khmer</subfield>
    <subfield code="d">2025-12-08</subfield>
    <subfield code="l">0</subfield>
    <subfield code="o">MIN PZ7 J823</subfield>
    <subfield code="p">2025-5082</subfield>
    <subfield code="r">2025-12-08 15:27:40</subfield>
    <subfield code="t">12</subfield>
    <subfield code="w">2025-12-08</subfield>
    <subfield code="y">KHB</subfield>
  </datafield>
  <datafield tag="952" ind1=" " ind2=" ">
    <subfield code="0">0</subfield>
    <subfield code="1">0</subfield>
    <subfield code="2">ddc</subfield>
    <subfield code="4">0</subfield>
    <subfield code="7">0</subfield>
    <subfield code="8">KH</subfield>
    <subfield code="a">002</subfield>
    <subfield code="b">002</subfield>
    <subfield code="c">TTP Khmer</subfield>
    <subfield code="d">2025-12-11</subfield>
    <subfield code="l">0</subfield>
    <subfield code="o">MIN PZ7 J823</subfield>
    <subfield code="p">FISBK03595</subfield>
    <subfield code="r">2025-12-11 10:18:27</subfield>
    <subfield code="t">13</subfield>
    <subfield code="w">2025-12-11</subfield>
    <subfield code="y">KHB</subfield>
  </datafield>
  <datafield tag="952" ind1=" " ind2=" ">
    <subfield code="0">0</subfield>
    <subfield code="1">0</subfield>
    <subfield code="2">ddc</subfield>
    <subfield code="4">0</subfield>
    <subfield code="7">0</subfield>
    <subfield code="8">KH</subfield>
    <subfield code="a">002</subfield>
    <subfield code="b">002</subfield>
    <subfield code="c">TTP Khmer</subfield>
    <subfield code="d">2026-03-27</subfield>
    <subfield code="l">0</subfield>
    <subfield code="o">MIN PZ7 J823</subfield>
    <subfield code="p">2026-0387</subfield>
    <subfield code="r">2026-03-27 10:14:17</subfield>
    <subfield code="t">14</subfield>
    <subfield code="w">2026-03-27</subfield>
    <subfield code="y">KHB</subfield>
  </datafield>
  <datafield tag="952" ind1=" " ind2=" ">
    <subfield code="0">0</subfield>
    <subfield code="1">0</subfield>
    <subfield code="2">ddc</subfield>
    <subfield code="4">0</subfield>
    <subfield code="7">0</subfield>
    <subfield code="8">KH</subfield>
    <subfield code="a">002</subfield>
    <subfield code="b">002</subfield>
    <subfield code="c">TTP Khmer</subfield>
    <subfield code="d">2026-03-27</subfield>
    <subfield code="l">0</subfield>
    <subfield code="o">MIN PZ7 J823</subfield>
    <subfield code="p">2026-0388</subfield>
    <subfield code="r">2026-03-27 10:14:43</subfield>
    <subfield code="t">15</subfield>
    <subfield code="w">2026-03-27</subfield>
    <subfield code="y">KHB</subfield>
  </datafield>
  <datafield tag="952" ind1=" " ind2=" ">
    <subfield code="0">0</subfield>
    <subfield code="1">0</subfield>
    <subfield code="2">ddc</subfield>
    <subfield code="4">0</subfield>
    <subfield code="7">0</subfield>
    <subfield code="8">KH</subfield>
    <subfield code="a">002</subfield>
    <subfield code="b">002</subfield>
    <subfield code="c">TTP Khmer</subfield>
    <subfield code="d">2026-03-27</subfield>
    <subfield code="l">0</subfield>
    <subfield code="o">MIN PZ7 J823</subfield>
    <subfield code="p">2026-0389</subfield>
    <subfield code="r">2026-03-27 10:15:14</subfield>
    <subfield code="t">16</subfield>
    <subfield code="w">2026-03-27</subfield>
    <subfield code="y">KHB</subfield>
  </datafield>
  <datafield tag="952" ind1=" " ind2=" ">
    <subfield code="0">0</subfield>
    <subfield code="1">0</subfield>
    <subfield code="2">ddc</subfield>
    <subfield code="4">0</subfield>
    <subfield code="7">0</subfield>
    <subfield code="8">KH</subfield>
    <subfield code="a">002</subfield>
    <subfield code="b">002</subfield>
    <subfield code="c">TTP Khmer</subfield>
    <subfield code="d">2026-03-27</subfield>
    <subfield code="l">0</subfield>
    <subfield code="o">MIN PZ7 J823</subfield>
    <subfield code="p">2026-0390</subfield>
    <subfield code="r">2026-03-27 10:15:38</subfield>
    <subfield code="t">17</subfield>
    <subfield code="w">2026-03-27</subfield>
    <subfield code="y">KHB</subfield>
  </datafield>
  <datafield tag="952" ind1=" " ind2=" ">
    <subfield code="0">0</subfield>
    <subfield code="1">0</subfield>
    <subfield code="2">ddc</subfield>
    <subfield code="4">0</subfield>
    <subfield code="7">0</subfield>
    <subfield code="8">KH</subfield>
    <subfield code="a">002</subfield>
    <subfield code="b">002</subfield>
    <subfield code="c">TTP Khmer</subfield>
    <subfield code="d">2026-03-27</subfield>
    <subfield code="l">0</subfield>
    <subfield code="o">MIN PZ7 J823</subfield>
    <subfield code="p">2026-0391</subfield>
    <subfield code="r">2026-03-27 10:16:00</subfield>
    <subfield code="t">18</subfield>
    <subfield code="w">2026-03-27</subfield>
    <subfield code="y">KHB</subfield>
  </datafield>
  <datafield tag="952" ind1=" " ind2=" ">
    <subfield code="0">0</subfield>
    <subfield code="1">0</subfield>
    <subfield code="2">ddc</subfield>
    <subfield code="4">0</subfield>
    <subfield code="7">0</subfield>
    <subfield code="8">KH</subfield>
    <subfield code="a">002</subfield>
    <subfield code="b">002</subfield>
    <subfield code="c">TTP Khmer</subfield>
    <subfield code="d">2026-03-27</subfield>
    <subfield code="l">0</subfield>
    <subfield code="o">MIN PZ7 J823</subfield>
    <subfield code="p">2026-0394</subfield>
    <subfield code="r">2026-03-27 10:59:52</subfield>
    <subfield code="t">19</subfield>
    <subfield code="w">2026-03-27</subfield>
    <subfield code="y">KHB</subfield>
  </datafield>
  <datafield tag="952" ind1=" " ind2=" ">
    <subfield code="0">0</subfield>
    <subfield code="1">0</subfield>
    <subfield code="2">ddc</subfield>
    <subfield code="4">0</subfield>
    <subfield code="7">0</subfield>
    <subfield code="8">KH</subfield>
    <subfield code="a">002</subfield>
    <subfield code="b">002</subfield>
    <subfield code="c">TTP Khmer</subfield>
    <subfield code="d">2026-04-22</subfield>
    <subfield code="l">0</subfield>
    <subfield code="o">MIN PZ7 J823</subfield>
    <subfield code="p">FISBK03557</subfield>
    <subfield code="r">2026-04-22 14:27:16</subfield>
    <subfield code="t">20</subfield>
    <subfield code="w">2026-04-22</subfield>
    <subfield code="y">KHB</subfield>
  </datafield>
</record>
